Claves para educar en un mundo cambiante : (Record no. 22434)

000 -CABECERA
campo de control de longitud fija 00855nam a22002297a 4500
003 - IDENTIFICADOR DEL NÚMERO DE CONTROL
campo de control OSt
005 - FECHA Y HORA DE LA ÚLTIMA TRANSACCIÓN
campo de control 20220704092358.0
008 - DATOS DE LONGITUD FIJA--INFORMACIÓN GENERAL
campo de control de longitud fija 180228s2017 pe 000 0 spa
020 ## - NÚMERO INTERNACIONAL ESTÁNDAR DEL LIBRO
Número Internacional Estándar del Libro 9786123167677
040 ## - FUENTE DE LA CATALOGACIÓN
Centro/agencia transcriptor Biblioteca Municipal de Cusco
082 ## - NÚMERO DE LA CLASIFICACIÓN DECIMAL DEWEY
Número de clasificación 370.152/B15
Notación interna B15
100 ## - ENTRADA PRINCIPAL--NOMBRE DE PERSONA
Nombre de persona Bahón, Javier
Fechas asociadas al nombre 1966-
Término indicativo de función/relación autor
9 (RLIN) 48161
245 ## - MENCIÓN DE TÍTULO
Título Claves para educar en un mundo cambiante :
Resto del título mediación para el desarrollo del pensamiento /
Mención de responsabilidad, etc. Javier Bahón
250 ## - MENCIÓN DE EDICIÓN
Mención de edición Primera edición, primera reimpresión.
260 ## - PUBLICACIÓN, DISTRIBUCIÓN, ETC.
Lugar de publicación, distribución, etc. Lima :
Nombre del editor, distribuidor, etc. Ediciones SM,
Fecha de publicación, distribución, etc. 2020.
300 ## - DESCRIPCIÓN FÍSICA
Extensión 24 páginas. :
Dimensiones 21 cm.
650 ## - PUNTO DE ACCESO ADICIONAL DE MATERIA--TÉRMINO DE MATERIA
Término de materia o nombre geográfico como elemento de entrada Pensamiento crítico
Subdivisión general Estudio y enseñanza
9 (RLIN) 48162
650 ## - PUNTO DE ACCESO ADICIONAL DE MATERIA--TÉRMINO DE MATERIA
Término de materia o nombre geográfico como elemento de entrada Pensamiento crítico
Subdivisión general Metodología
9 (RLIN) 48163
650 ## - PUNTO DE ACCESO ADICIONAL DE MATERIA--TÉRMINO DE MATERIA
Término de materia o nombre geográfico como elemento de entrada Aprendizaje (Educación)
Subdivisión de forma Ensayos, conferencias, etc.
9 (RLIN) 48164
650 ## - PUNTO DE ACCESO ADICIONAL DE MATERIA--TÉRMINO DE MATERIA
Término de materia o nombre geográfico como elemento de entrada Estrategias de aprendizaje
9 (RLIN) 3147
942 ## - ELEMENTOS DE PUNTO DE ACCESO ADICIONAL (KOHA)
Fuente del sistema de clasificación o colocación
Tipo de ítem Koha Libros-BMC
Holdings
Estado de retiro Estado de pérdida Fuente del sistema de clasificación o colocación Estado dañado No para préstamo Localización permanente Ubicación/localización actual Ubicación en estantería Fecha de adquisición Fuente de adquisición Coste, precio normal de compra Signatura topográfica completa Código de barras Fecha visto por última vez Precio válido a partir de Tipo de ítem Koha
          Sala Humanidades Sala Humanidades Book Cart 2022-07-04 Donación 20.00 370.152/B15 SH0000016315 2022-07-04 2022-07-04 Libros-BMC
          Sala Humanidades Sala Humanidades Book Cart 2022-07-04 Donación 20.00 370.152/B15/e.2 SH0000016316 2022-07-04 2022-07-04 Libros-BMC

Powered by Koha